CUMARTESİ YALNIZLIĞI (Record no. 772626)

MARC details
000 -LEADER
sabit uzunluktaki kontrol alanı 00247nam a2200097Ia 4500
001 - KONTROL NUMARASI
kontrol alanı 772626
005 - EN SON İŞLEMİN TARİH VE ZAMANI
kontrol alanı 20250826165736.0
008 - SABİT-UZUNLUKTA VERİ ÖĞELERİ--GENEL BİLGİ
sabit uzunluktaki kontrol alanı 250824s9999 xx 000 0 und d
245 #0 - ESER / YAZAR
ESER ADI CUMARTESİ YALNIZLIĞI
Yazar Adı SELİM İLERİ
260 ## - YAYIN, DAĞITIM, VB.
YAYIN EVİ EVEREST YAYINLARI
Holdings
Düşüm durumu Kayıp durumu Hasar Durumu Ödünç verilmez Ana kütüphane Geçerli Kütüphane Edinilen tarih Toplam ödünç verme sayısı Barkod Son görüntüleme tarihi Fiyatın geçerli olmaya başladığı tarih Koha materyal türü
        SANCAK ORTAOKULU SANCAK ORTAOKULU 24.08.2025   1034480 26.08.2025 26.08.2025 Books